Statistics for A Series of Unfortunate Events Trivia

Click here to take the quiz!

General Stats

  • This quiz has been taken 790 times
  • The average score is 8 of 13

Answer Stats

HintAnswer% Correct
What was Mr. Poe's habit?Coughing
90%
What mostly unhelpful man is in charge of the Baudelaire's affairs?Mr. Poe
86%
What was the name of Count Olaf's kind neighbor?Justice Strauss
80%
In Book 6 The Ersatz Elevator, who were the Baudelaire's guardians?Esme and Jerome Squalor
70%
What is the name of the terrible, spoiled, awful child who is introduced in Book 5 The Austere Academy?Carmelita Spats
68%
What is the name of the Baudelaire's mother?Beatrice
66%
Which Quagmire triplet did Violet especially like?Quigley
64%
Who was Count Olaf disguised as in Book 3 The Wide Window?Captain Sham
61%
What job was Sunny given when the orphans lived at Prufrock Prepratory in Book 5 The Austere Academy?secretary
54%
What book ended with the Baudelaire children on the run and all alone for the first time?The Vile Village
39%
Who was eaten by lions in Book 9 The Carnivorous Carnival?Madame Lulu
34%
What did Count Olaf call the play in which he forced Violet to marry him?The Marvelous Marriage
34%
What was the password to get onto Captain Widdershin's submarine in Book 11 The Grim Grotto?The World Is Quiet Here
17%

Score Distribution

Percentile by Number Answered

Percent of People with Each Score

Your Score History

You have not taken this quiz